000 01265nam0a2200301 4500
001 RU\NLR\bibl\432579
005 20260408191941.0
010 _a5-87872-028-9
_9600
035 _a(NLR Aleph) 000426419
090 _a727295
_c727295
100 _a20030901d2003 k y0rusy50 ca
101 0 _arus
102 _aRU
105 _aa |||||||||
200 1 _aВведение в философию имени
_fГ.Х. Шенкао
_gОтв. ред. засл. деят. науки Рос. Федерации, д.филос.н., проф. В.Е. Давидович
_gСев.-Кавк. науч. центр высш. шк.
210 _aРостов -на-Дону
_cИзд-во СКНЦ ВШ
_d2003
215 _a254 с.
_d20
300 _aНа 4-й с. авт.: Шенкао (Пазова) Г.Х., д.филос.н., проф.
320 _aБиблиогр.: с. 238-253 (407 назв.)
606 _aИмя (филос.)
_3RU\NLR\auth\661286897
_92133670
686 _aЮ224.2
700 1 _4070
_8rus
_7ca
_aШенкао
_bГ.Х.
_f1947-
_gГашемида Хаджимуратовна
_3RU\NLR\auth\7715662
_9125310
801 0 _aRU
_bNLR
_c20030901
_gPSBO
801 1 _aRU
_bNLR
_c20030901
830 _aАвт. по кн.
942 _cBOOK
980 _aNB